• 首页
  • 本馆介绍
  • 公告通知
  • 最新文献
  • 馆藏检索
  • 电子资源
  • 读者导购
  • 参考咨询
  • 我的图书馆
  • 登录
  • 详细信息显示
  • 放入我的书架
  • 预约/预借图书
  • 作者相关作品
  • 分类相关作品
  • 丛书相关作品
  • 出版社相关作品

书目信息

  • 表格格式
  • 工作单格式
  • 卡片格式
题名:
走出思维的误区
    
 
作者: 布朗 , 基利 著 ;王全杰 译
分册:  
出版信息: 北京   中央编译出版社  1994.03
页数: 226页
开本: 20cm
丛书名:
单 册:
中图分类: B80-49
科图分类:
主题词: 思维科学--通俗读物
电子资源:
ISBN: 7-80109-006-3
000 00706nam0 2200217 45
001 0110060941
005 20040420145101.8
010    @a7-80109-006-3@dCNY8.80
100    @a20011006d1994 km y0chiy0120 ea
101 0  @achi@ceng
105    @a z 000yy
200 1  @a走出思维的误区@AZou Chu Si Wei De Wu Qu@f(美)布朗(Browne,M.N.),基利(Keeley,S.M.)著@F(Mei)Bu Lang(Browne,M.N.),Ji Li(Keeley,S.M.)Zhu@g王全杰译
210    @a北京@c中央编译出版社@d1994.03
215    @a226页@d20cm
606 0  @a思维科学@x通俗读物
690    @aB80-49@v4
701  0 @a布朗@bBrowne,M.N.@4著
701  0 @a基利@bKeeley,S.M.@4著
702  0 @a王全杰@AWang Quan Jie@4译
801    @aCN@bTSTC@c20011006
905    @dB80-49@e10
    
    走出思维的误区/(美)布朗(Browne,M.N.),基利(Keeley,S.M.)著/王全杰译.-北京:中央编译出版社,1994.03
    226页;20cm
    
    
    ISBN 7-80109-006-3:CNY8.80
    
●
相关链接 在E读中查询图书 在五车中查询图书 在当当中查询图书 在豆瓣中查询图书


正题名:走出思维的误区     索取号:B80-49/10         预约/预借

序号 登录号 条形码 馆藏地/架位号 状态 备注
1 0299276   202992761   第一借阅区/ [索取号:B80-49/10] 在馆    
2 0299277   202992770   第一借阅区/ [索取号:B80-49/10] 在馆    
3 0299278   202992789   第一样本阅览室/ [索取号:B80-49/10] 在馆    
唐山师范学院图书馆 欢迎您!
大连网信软件有限公司© 版权所有